000 01562nam0a2200349 4500
001 RU\NLR\BIBL_A\022114708
005 20240201143134.0
010 _a978-5-91844-246-3
_9250
021 _aRU
_bКН-П-23-080450
_9КН-П-23-8156
035 _a(NLR Aleph) 022114708
035 _a(RuMoRGB)012447208
090 _a12788542
_c12788542
100 _a20240124d2023 u y0rusy50 ca
101 0 _arus
102 _aRU
105 _ay z 000ay
181 0 _ai
_baxxe
182 0 _an
200 1 _aКлючевой вопрос
_eдевиантный роман
_fИван Сабило
203 _aТекст
_bвизуальный
_cнепосредственный
210 _aСанкт-Петербург
_cРодные просторы
_d2023
215 _a254 с.
_d21
225 1 _aБиблиотека журнала "Невский альманах"
300 _aНа 4-й с. обл. авт.: Сабило И. И., лауреат премии им. В. С. Пикуля, Всерос. лит. премии им. Ф. Абрамова, премии Правительства Санкт-Петербурга , Междунар. премии интелект. лит. им. А. Зиновьева, засл. работник культуры РФ
675 _a821.161.1-31
_v4
686 2 _aШ6(2=Р)8-446
700 1 _aСабило
_bИ. И.
_f1940 -
_gИван Иванович
_3RU\NLR\AUTH\7732350
942 _cBOOK
980 _aNB